Slovenské ochotnícke bábkové divadlo

Bibliographic Details
Other Authors: Štefko, Vladimír, 1942- (Compiler), Haško, P. (Photographer)
Format: Book
Language:Slovak
PhysicalDescription:137 strán, [40] nečíslovaných strán obrazových príloh fotografie (niektoré farebné) 21 cm
Published: Bratislava Obzor 1979
Edition:1. vyd.
Subjects:

MARC

LEADER 00000cam a2200000 a 4500
001 vtls001107587
003 SK-MaSNL
005 20260425224425.0
008 240226s1979 xo o fr 000 0 slo
015 |a SNBA1979 
020 |q (viazané) 
035 |a SNK000050429 
035 |a 7C4EE01D-9EB7-451B-95BE-F2A7054B5238 
035 |a urn:nbn:sk:snk-am00igad 
040 |a SNK  |b slo  |c SNK  |e AACR2 
041 0 |a slo  |b rus  |b ger  |b eng 
043 |a e-xo--- 
044 |a xo  |c SK 
072 7 |a 792  |x Divadlo. Divadelné predstavenia  |2 konspekt 
080 |a 792.97.077  |2 2001 
080 |a (437.6)  |2 2011 
080 |a (048.8)  |2 2011 
080 |a (082)  |2 2011 
245 0 0 |a Slovenské ochotnícke bábkové divadlo  |c [zostavil Vladimír Štefko ; autori fotografií: P. Haško ... [et al.]] 
250 |a 1. vyd. 
260 |a Bratislava  |b Obzor  |c 1979 
300 |a 137 strán, [40] nečíslovaných strán obrazových príloh  |b fotografie (niektoré farebné)  |c 21 cm 
366 |e 1000 kusov 
500 |a Účelová publikácia 
546 |a Ruské, nemecké a anglické resumé 
650 0 7 |a ochotnícke bábkové divadlo  |2 SNKPH  |9 60012 
651 7 |a Slovensko  |2 SNKPHgeo  |9 14231 
655 7 |a zborníky  |2 SNKPH  |9 70165 
655 7 |a prehľady  |2 SNKPH  |9 70194 
700 1 |a Štefko, Vladimír,  |d 1942-  |4 com  |9 103434 
700 1 |a Haško, P.  |4 pht  |9 368957 
852 |a Slovenská národná knižnica 
954 |a odborná, vedecká literatúra pôvodná (slovenská)  |2 lita 
958 |a RK 
958 |a TL 
958 |a NB 
958 |a OND 
958 |a ZB 
958 |a EUIPO 
999 |c 613296  |d 615226 
952 |a SNK  |b SNK  |y VYP  |7 0  |p 17A0205522  |o snkSC 48316 D1  |0 0  |1 0  |4 0  |d 1999-08-09  |l 0  |r 2004-12-31 00:00:00  |w 2026-02-23 
952 |a SNK  |b SNK  |y PREZ  |7 0  |p 17A0830876  |o snkSC 48316  |i snkKSP 901/80  |0 0  |1 0  |4 0  |d 2012-08-01  |f 1  |l 0  |r 2025-10-31 00:00:00  |w 2026-02-23